[Event "DEM U10 2021"]
[Site "Willingen GER"]
[Date "2021.08.24"]
[Round "4"]
[White "He, Saiqi"]
[Black "Peglau, Paul David"]
[Result "0-1"]
[Termination "normal"]
[Board "14"]
[WhiteElo "1188"]
[BlackElo "1365"]
[WhiteClock "00:39:29"]
[BlackClock "00:38:40"]
[PlyCount "74"]
[WhiteFideId "16292723"]
[BlackFideId "16290550"]
[EventCountry "GER"]
[EventRounds "11"]
[EventType "swiss"]
[EventDate "2021.08.22"]

1. e4 {[%clk 01:15:59]} e6 {[%clk 01:15:50]} {[%emt 00:00:10]} 2. c4 {[%clk
01:16:23]} {[%emt 00:00:06]} c5 {[%clk 01:15:23]} {[%emt 00:00:57]} 3. Nc3
{[%clk 01:16:15]} {[%emt 00:00:39]} Nc6 {[%clk 01:12:56]} {[%emt 00:02:55]} 4.
g3 {[%clk 01:11:28]} {[%emt 00:05:17]} g6 {[%clk 01:11:01]} {[%emt 00:02:26]}
5. Bg2 {[%clk 01:11:00]} {[%emt 00:00:58]} Bg7 {[%clk 01:10:59]} {[%emt
00:00:31]} 6. Nge2 {[%clk 01:10:50]} {[%emt 00:00:41]} Nge7 {[%clk 01:10:46]}
{[%emt 00:00:43]} 7. O-O {[%clk 01:10:46]} {[%emt 00:00:34]} O-O {[%clk
01:10:16]} {[%emt 00:00:59]} 8. d3 {[%clk 01:07:20]} {[%emt 00:03:57]} a6
{[%clk 01:06:51]} {[%emt 00:03:55]} 9. Be3 {[%clk 01:06:59]} {[%emt 00:00:51]}
Nd4 {[%clk 01:06:10]} {[%emt 00:01:11]} 10. Qd2 {[%clk 01:06:05]} {[%emt
00:01:24]} Nec6 {[%clk 01:01:05]} {[%emt 00:05:35]} 11. f4 {[%clk 01:02:31]}
{[%emt 00:04:04]} f5 {[%clk 00:58:16]} {[%emt 00:03:20]} 12. Rad1 {[%clk
01:01:14]} {[%emt 00:01:46]} Qe7 {[%clk 00:56:01]} {[%emt 00:02:45]} 13. e5
{[%clk 01:00:00]} {[%emt 00:01:42]} d6 {[%clk 00:55:09]} {[%emt 00:01:24]} 14.
exd6 {[%emt 00:05:21]} Qxd6 {[%clk 00:53:18]} 15. Rb1 {[%clk 00:53:42]} {[%emt
00:04:17]} e5 {[%clk 00:51:00]} {[%emt 00:02:48]} 16. fxe5 {[%clk 00:53:50]}
{[%emt 00:00:21]} Nxe5 {[%clk 00:50:15]} {[%emt 00:01:15]} 17. Nd1 {[%clk
00:49:39]} {[%emt 00:04:40]} Nxe2+ {[%clk 00:46:53]} {[%emt 00:03:53]} 18. Qxe2
{[%clk 00:49:52]} {[%emt 00:00:19]} Qxd3 {[%clk 00:46:24]} {[%emt 00:00:58]}
19. Qxd3 {[%clk 00:48:35]} {[%emt 00:01:46]} Nxd3 {[%clk 00:46:31]} {[%emt
00:00:23]} 20. b3 {[%clk 00:47:33]} {[%emt 00:01:32]} Re8 {[%clk 00:44:01]}
{[%emt 00:03:01]} 21. Kh1 {[%clk 00:45:10]} {[%emt 00:02:53]} Rb8 {[%clk
00:43:10]} {[%emt 00:01:21]} 22. Rf3 {[%clk 00:43:49]} {[%emt 00:01:50]} b6
{[%clk 00:42:00]} {[%emt 00:01:42]} 23. Nf2 {[%clk 00:36:53]} {[%emt 00:07:25]}
Bb7 {[%clk 00:39:18]} {[%emt 00:03:12]} 24. Bf4 {[%clk 00:37:00]} {[%emt
00:00:22]} Bxf3 {[%clk 00:38:55]} {[%emt 00:00:54]} 25. Bxb8 {[%clk 00:36:53]}
{[%emt 00:00:38]} Nxf2+ {[%clk 00:38:25]} {[%emt 00:00:59]} 26. Kg1 {[%clk
00:37:10]} {[%emt 00:00:12]} Bxg2 {[%clk 00:37:42]} {[%emt 00:01:14]} 27. Kxg2
{[%clk 00:37:24]} {[%emt 00:00:16]} Rxb8 {[%clk 00:37:48]} {[%emt 00:00:24]}
28. Kxf2 {[%clk 00:37:49]} {[%emt 00:00:05]} Bd4+ {[%clk 00:38:02]} {[%emt
00:00:16]} 29. Kf3 {[%clk 00:37:51]} {[%emt 00:00:27]} Re8 {[%clk 00:38:20]}
{[%emt 00:00:13]} 30. Kf4 {[%clk 00:37:38]} {[%emt 00:00:42]} Re4+ {[%clk
00:38:27]} {[%emt 00:00:23]} 31. Kf3 {[%clk 00:37:55]} {[%emt 00:00:14]} Kf7
{[%clk 00:38:28]} {[%emt 00:00:29]} 32. h3 {[%clk 00:38:06]} {[%emt 00:00:19]}
Kf6 {[%clk 00:38:43]} {[%emt 00:00:15]} 33. g4 {[%clk 00:38:17]} {[%emt
00:00:18]} Re3+ {[%clk 00:38:52]} {[%emt 00:00:23]} 34. Kg2 {[%clk 00:38:31]}
{[%emt 00:00:14]} Re2+ {[%clk 00:38:39]} {[%emt 00:00:43]} 35. Kf3 {[%clk
00:38:55]} {[%emt 00:00:06]} Rf2+ {[%clk 00:38:47]} {[%emt 00:00:23]} 36. Kg3
{[%clk 00:39:05]} {[%emt 00:00:19]} f4+ {[%clk 00:38:39]} {[%emt 00:00:39]} 37.
Kh4 {[%clk 00:39:29]} {[%emt 00:00:06]} g5+ {[%clk 00:38:40]} {[%emt 00:00:29]}
0-1

[Event "DEM U10 2021"]
[Site "Willingen GER"]
[Date "2021.08.24"]
[Round "4"]
[White "Rodriguez Klasen, Ennio"]
[Black "Gavrylyuk, Oleksandr"]
[Result "1-0"]
[Termination "normal"]
[Board "15"]
[WhiteElo "1341"]
[BlackElo "1151"]
[WhiteClock "00:59:38"]
[BlackClock "00:57:15"]
[PlyCount "39"]
[WhiteFideId "16277414"]
[BlackFideId "34609083"]
[EventCountry "GER"]
[EventRounds "11"]
[EventType "swiss"]
[EventDate "2021.08.22"]

1. e4 {[%clk 01:15:50]} {[%emt 00:00:09]} c5 {[%clk 01:15:55]} {[%emt
00:00:06]} 2. Nc3 {[%clk 01:16:07]} {[%emt 00:00:13]} Nc6 {[%clk 01:16:15]}
{[%emt 00:00:09]} 3. g3 {[%clk 01:16:00]} {[%emt 00:00:38]} g6 {[%clk
01:16:09]} {[%emt 00:00:36]} 4. Bg2 {[%clk 01:16:18]} {[%emt 00:00:13]} Bg7
{[%clk 01:16:18]} {[%emt 00:00:18]} 5. d3 {[%clk 01:16:14]} {[%emt 00:00:36]}
d6 {[%clk 01:16:37]} {[%emt 00:00:12]} 6. Be3 {[%clk 01:15:51]} {[%emt
00:00:53]} Bd7 {[%clk 01:14:07]} {[%emt 00:02:59]} 7. Qd2 {[%clk 01:15:19]}
{[%emt 00:01:03]} h5 {[%clk 01:14:06]} {[%emt 00:00:31]} 8. h3 {[%clk
01:13:57]} {[%emt 00:01:51]} e6 {[%clk 01:13:49]} {[%emt 00:00:47]} 9. Nge2
{[%clk 01:12:44]} {[%emt 00:01:42]} Nge7 {[%clk 01:13:39]} {[%emt 00:00:41]}
10. O-O {[%clk 01:12:04]} {[%emt 00:01:09]} Rb8 {[%clk 01:12:13]} {[%emt
00:01:57]} 11. Rab1 {[%clk 01:11:19]} {[%emt 00:01:15]} b5 {[%clk 01:10:37]}
{[%emt 00:02:05]} 12. Nd1 {[%clk 01:08:21]} {[%emt 00:03:28]} Qa5 {[%clk
01:09:00]} {[%emt 00:02:05]} 13. Qc1 {[%clk 01:07:34]} {[%emt 00:01:20]} O-O
{[%clk 01:05:07]} {[%emt 00:04:22]} 14. Bh6 {[%clk 01:01:41]} {[%emt 00:06:24]}
Bxh6 {[%clk 01:04:57]} {[%emt 00:00:40]} 15. Qxh6 {[%clk 01:02:06]} {[%emt
00:00:05]} Qxa2 {[%clk 01:05:01]} {[%emt 00:00:26]} 16. Ne3 {[%clk 01:01:47]}
{[%emt 00:00:48]} d5 {[%clk 01:00:54]} {[%emt 00:04:39]} 17. Nc3 {[%clk
01:00:54]} {[%emt 00:01:22]} Qa6 {[%clk 00:58:06]} {[%emt 00:03:17]} 18. exd5
{[%clk 01:00:12]} {[%emt 00:01:13]} exd5 {[%clk 00:58:17]} {[%emt 00:00:19]}
19. Ncxd5 {[%clk 00:59:38]} {[%emt 00:01:04]} Nf5 {[%clk 00:57:15]} {[%emt
00:01:31]} 20. Nf6# {[%emt 00:00:12]} 1-0

[Event "DEM U10 2021"]
[Site "Willingen GER"]
[Date "2021.08.24"]
[Round "4"]
[White "Chua, Daniel James"]
[Black "Langer, Johann Leander"]
[Result "1-0"]
[Termination "normal"]
[Board "16"]
[WhiteElo "1434"]
[BlackElo "1047"]
[WhiteClock "01:03:25"]
[BlackClock "00:58:23"]
[PlyCount "39"]
[WhiteFideId "34608354"]
[BlackFideId "34607463"]
[EventCountry "GER"]
[EventRounds "11"]
[EventType "swiss"]
[EventDate "2021.08.22"]

1. e4 {[%clk 01:15:58]} {[%emt 00:00:02]} d5 {[%clk 01:15:13]} {[%emt
00:00:47]} 2. exd5 {[%clk 01:16:22]} {[%emt 00:00:05]} Qxd5 {[%clk 01:15:33]}
{[%emt 00:00:10]} 3. Nc3 {[%clk 01:16:46]} {[%emt 00:00:07]} Qa5 {[%clk
01:15:52]} {[%emt 00:00:11]} 4. d4 {[%clk 01:17:11]} {[%emt 00:00:05]} Bf5
{[%clk 01:15:57]} {[%emt 00:00:22]} 5. Bd2 {[%clk 01:17:31]} {[%emt 00:00:12]}
c6 {[%clk 01:15:47]} {[%emt 00:00:40]} 6. Bc4 {[%clk 01:17:43]} {[%emt
00:00:18]} e6 {[%clk 01:15:51]} {[%emt 00:00:25]} 7. Qe2 {[%clk 01:17:27]}
{[%emt 00:00:47]} Nd7 {[%clk 01:15:32]} {[%emt 00:00:48]} 8. O-O-O {[%clk
01:17:43]} {[%emt 00:00:15]} Bd6 {[%clk 01:15:38]} {[%emt 00:00:24]} 9. Nb5
{[%clk 01:17:09]} {[%emt 00:01:05]} Qb6 {[%clk 01:11:51]} {[%emt 00:03:10]} 10.
Nxd6+ {[%emt 00:02:05]} Kf8 {[%clk 01:11:17]} {[%emt 00:00:06]} 11. Nxf5 {[%clk
01:17:46]} {[%emt 00:00:22]} exf5 {[%clk 01:11:15]} {[%emt 00:00:25]} 12. Re1
{[%clk 01:17:47]} {[%emt 00:00:35]} Qxd4 {[%clk 01:04:41]} {[%emt 00:07:04]}
13. Nf3 {[%clk 01:17:00]} {[%emt 00:01:19]} Qb6 {[%clk 01:04:19]} {[%emt
00:00:51]} 14. Ne5 {[%clk 01:07:37]} {[%emt 00:09:53]} Nxe5 {[%clk 01:03:38]}
{[%emt 00:01:11]} 15. Qxe5 {[%clk 01:06:38]} {[%emt 00:01:30]} h5 {[%clk
01:00:56]} {[%emt 00:03:02]} 16. Qd6+ {[%clk 01:05:03]} {[%emt 00:02:14]} Ne7
{[%clk 01:00:41]} {[%emt 00:00:45]} 17. Qxe7+ {[%clk 01:04:45]} {[%emt
00:00:49]} Kg8 {[%clk 00:59:35]} {[%emt 00:01:34]} 18. Qxf7+ {[%clk 01:03:43]}
{[%emt 00:01:33]} Kh7 {[%clk 00:59:04]} {[%emt 00:00:47]} 19. Qxf5+ {[%clk
01:03:25]} {[%emt 00:01:03]} g6 {[%clk 00:58:23]} {[%emt 00:00:58]} 20. Qf7#
{[%emt 00:00:39]} 1-0

[Event "DEM U10 2021"]
[Site "Willingen GER"]
[Date "2021.08.24"]
[Round "4"]
[White "Junge, Mattheo Gabriel"]
[Black "Moskalenko, Michael"]
[Result "1-0"]
[Termination "normal"]
[Board "17"]
[WhiteElo "1451"]
[BlackElo "1220"]
[WhiteClock "01:17:06"]
[BlackClock "00:36:24"]
[PlyCount "31"]
[WhiteFideId "34605908"]
[BlackFideId "34608877"]
[EventCountry "GER"]
[EventRounds "11"]
[EventType "swiss"]
[EventDate "2021.08.22"]

1. e4 {[%clk 01:15:56]} {[%emt 00:00:03]} d5 {[%clk 01:15:53]} {[%emt
00:00:07]} 2. exd5 {[%clk 01:16:21]} {[%emt 00:00:05]} Qxd5 {[%clk 01:16:20]}
{[%emt 00:00:03]} 3. Nc3 {[%clk 01:16:42]} {[%emt 00:00:10]} Qa5 {[%clk
01:16:36]} {[%emt 00:00:13]} 4. d4 {[%clk 01:17:07]} {[%emt 00:00:05]} Nf6
{[%clk 01:16:51]} {[%emt 00:00:15]} 5. Bc4 {[%clk 01:17:23]} {[%emt 00:00:15]}
c6 {[%clk 01:17:03]} {[%emt 00:00:18]} 6. Qe2 {[%clk 01:17:44]} {[%emt
00:00:09]} Bf5 {[%clk 01:16:42]} {[%emt 00:00:51]} 7. Bd2 {[%clk 01:17:58]}
{[%emt 00:00:12]} Nbd7 {[%clk 01:16:25]} {[%emt 00:00:51]} 8. Nb5 {[%clk
01:17:30]} {[%emt 00:00:58]} Qb6 {[%clk 01:09:56]} {[%emt 00:06:59]} 9. Nd6+
{[%clk 01:17:52]} {[%emt 00:00:08]} Kd8 {[%clk 01:10:16]} {[%emt 00:00:11]} 10.
Nxf7+ {[%clk 01:18:16]} {[%emt 00:00:05]} Kc8 {[%clk 01:10:22]} {[%emt
00:00:24]} 11. Nxh8 {[%clk 01:18:34]} {[%emt 00:00:11]} Qxb2 {[%clk 01:10:25]}
{[%emt 00:00:27]} 12. Rd1 {[%clk 01:18:32]} {[%emt 00:00:26]} Bxc2 {[%clk
01:10:31]} {[%emt 00:00:31]} 13. Rc1 {[%clk 01:18:41]} {[%emt 00:00:21]} Ne4
{[%clk 01:07:23]} {[%emt 00:03:37]} 14. Bf4 {[%clk 01:17:53]} {[%emt 00:01:17]}
Qc3+ {[%emt 00:07:15]} 15. Kf1 {[%clk 01:17:34]} {[%emt 00:00:48]} b5 {[%clk
00:36:24]} {[%emt 00:24:46]} 16. Rxc2 {[%clk 01:17:06]} {[%emt 00:00:58]} 1-0

[Event "DEM U10 2021"]
[Site "Willingen GER"]
[Date "2021.08.24"]
[Round "4"]
[White "Vinogradov, Ilia"]
[Black "Wang, Kaiwen"]
[Result "0-1"]
[Termination "normal"]
[Board "18"]
[WhiteElo "1217"]
[BlackElo "1068"]
[WhiteClock "00:45:35"]
[BlackClock "01:06:11"]
[PlyCount "56"]
[WhiteFideId "34603166"]
[BlackFideId "16279514"]
[EventCountry "GER"]
[EventRounds "11"]
[EventType "swiss"]
[EventDate "2021.08.22"]

1. e4 {[%clk 01:15:56]} {[%emt 00:00:03]} e5 {[%clk 01:15:57]} {[%emt
00:00:03]} 2. Nf3 {[%clk 01:16:19]} {[%emt 00:00:08]} Nc6 {[%clk 01:16:25]}
{[%emt 00:00:03]} 3. Bc4 {[%clk 01:16:38]} {[%emt 00:00:10]} Bc5 {[%clk
01:16:50]} {[%emt 00:00:04]} 4. O-O {[%clk 01:16:56]} {[%emt 00:00:12]} Nf6
{[%clk 01:17:16]} {[%emt 00:00:04]} 5. Nc3 {[%clk 01:17:15]} {[%emt 00:00:11]}
d6 {[%clk 01:17:34]} {[%emt 00:00:12]} 6. h3 {[%clk 01:17:30]} {[%emt
00:00:16]} h6 {[%clk 01:17:53]} {[%emt 00:00:11]} 7. d3 {[%clk 01:17:48]}
{[%emt 00:00:12]} g5 {[%clk 01:17:41]} {[%emt 00:00:41]} 8. Be3 {[%clk
01:17:44]} {[%emt 00:00:34]} Bb6 {[%clk 01:17:32]} {[%emt 00:00:40]} 9. Nd2
{[%clk 01:15:47]} {[%emt 00:02:26]} g4 {[%clk 01:17:10]} {[%emt 00:00:53]} 10.
hxg4 {[%clk 01:15:40]} {[%emt 00:00:37]} Bxg4 {[%clk 01:17:19]} {[%emt
00:00:21]} 11. Qe1 {[%clk 01:15:14]} {[%emt 00:00:56]} Nd4 {[%clk 01:17:00]}
{[%emt 00:00:48]} 12. Bb3 {[%clk 01:11:55]} {[%emt 00:03:49]} Rg8 {[%clk
01:15:36]} {[%emt 00:01:54]} 13. f3 {[%clk 01:09:44]} {[%emt 00:02:42]} Bh3
{[%clk 01:14:58]} {[%emt 00:01:06]} 14. Rf2 {[%clk 01:08:34]} {[%emt 00:01:41]}
Qd7 {[%clk 01:13:39]} {[%emt 00:01:50]} 15. Kh1 {[%clk 01:06:57]} {[%emt
00:02:06]} Nh5 {[%clk 01:11:03]} {[%emt 00:03:06]} 16. g4 {[%clk 01:04:07]}
{[%emt 00:03:21]} Bxg4 {[%clk 01:06:47]} {[%emt 00:04:45]} 17. fxg4 {[%clk
01:01:42]} {[%emt 00:02:55]} Qxg4 {[%clk 01:06:32]} {[%emt 00:00:46]} 18. Bxf7+
{[%clk 01:00:47]} {[%emt 00:01:24]} Kd7 {[%clk 01:06:06]} {[%emt 00:00:57]} 19.
Bxg8 {[%emt 00:00:58]} Rxg8 {[%emt 00:00:12]} 20. Qd1 {[%clk 00:52:10]} {[%emt
00:07:56]} Qh3+ {[%clk 01:06:18]} {[%emt 00:00:17]} 21. Rh2 {[%clk 00:52:19]}
{[%emt 00:00:21]} Ng3+ {[%clk 01:06:15]} {[%emt 00:00:34]} 22. Kg1 {[%clk
00:52:29]} {[%emt 00:00:20]} Nde2+ {[%clk 01:06:00]} {[%emt 00:00:46]} 23. Kf2
{[%clk 00:50:28]} {[%emt 00:02:31]} Qxh2+ {[%clk 01:06:11]} {[%emt 00:00:18]}
24. Ke1 {[%clk 00:50:20]} {[%emt 00:00:38]} Bxe3 {[%clk 01:05:51]} {[%emt
00:00:50]} 25. Qxe2 {[%clk 00:46:27]} {[%emt 00:04:23]} Nxe2 {[%clk 01:06:04]}
{[%emt 00:00:16]} 26. Nxe2 {[%clk 00:45:46]} {[%emt 00:01:13]} Rg1+ {[%clk
01:06:11]} {[%emt 00:00:22]} 27. Nxg1 {[%clk 00:45:35]} {[%emt 00:00:41]} Qxd2+
{[%emt 00:00:10]} 28. Kf1 {[%emt 00:00:12]} Qf2# {[%emt 00:00:11]} 0-1

[Event "DEM U10 2021"]
[Site "Willingen GER"]
[Date "2021.08.24"]
[Round "4"]
[White "Burban, Victor"]
[Black "Vranckx, Oscar"]
[Result "0-1"]
[Termination "normal"]
[Board "19"]
[WhiteElo "1215"]
[BlackElo "1300"]
[WhiteClock "01:00:09"]
[BlackClock "01:02:45"]
[PlyCount "104"]
[WhiteFideId "34609032"]
[BlackFideId "34608788"]
[EventCountry "GER"]
[EventRounds "11"]
[EventType "swiss"]
[EventDate "2021.08.22"]

1. e4 {[%clk 01:16:00]} c5 {[%clk 01:15:52]} {[%emt 00:00:08]} 2. Nf3 {[%clk
01:16:23]} {[%emt 00:00:06]} Nc6 {[%clk 01:16:08]} {[%emt 00:00:15]} 3. c3
{[%clk 01:16:36]} {[%emt 00:00:17]} Nf6 {[%clk 01:16:28]} {[%emt 00:00:08]} 4.
e5 {[%clk 01:16:51]} {[%emt 00:00:16]} Nd5 {[%clk 01:16:48]} {[%emt 00:00:10]}
5. d4 {[%clk 01:16:27]} {[%emt 00:00:55]} cxd4 {[%clk 01:16:34]} {[%emt
00:00:43]} 6. cxd4 {[%clk 01:16:48]} {[%emt 00:00:09]} e6 {[%clk 01:16:55]}
{[%emt 00:00:09]} 7. Bc4 {[%clk 01:15:09]} {[%emt 00:02:09]} d6 {[%clk
01:16:13]} {[%emt 00:01:13]} 8. O-O {[%clk 01:12:53]} {[%emt 00:02:45]} Nb6
{[%clk 01:13:47]} {[%emt 00:02:57]} 9. Bb5 {[%clk 01:10:40]} {[%emt 00:02:43]}
Bd7 {[%clk 01:13:35]} {[%emt 00:00:42]} 10. Nc3 {[%clk 01:09:41]} {[%emt
00:01:28]} Be7 {[%clk 01:12:35]} {[%emt 00:01:31]} 11. Bf4 {[%clk 01:08:03]}
{[%emt 00:02:02]} dxe5 {[%clk 01:10:42]} {[%emt 00:02:28]} 12. Nxe5 {[%clk
01:06:11]} {[%emt 00:02:21]} Nxe5 {[%clk 01:09:21]} {[%emt 00:01:51]} 13. Bxe5
{[%clk 01:05:34]} {[%emt 00:01:07]} O-O {[%clk 01:04:48]} {[%emt 00:05:03]} 14.
Bxd7 {[%clk 01:01:27]} {[%emt 00:04:37]} Nxd7 {[%clk 01:02:45]} {[%emt
00:02:35]} 15. Bg3 {[%emt 00:01:47]} Nf6 16. Qd3 Bd6 17. Rad1 Bxg3 18. fxg3 a6
19. d5 Qb6+ 20. Kh1 Rad8 21. b3 Nxd5 22. Nxd5 Rxd5 23. Qc2 Rfd8 24. Rxd5 Rxd5
25. Rd1 Rxd1+ 26. Qxd1 h6 27. h3 Qf2 28. Qd8+ Kh7 29. Qc7 b6 30. a4 f6 31. Kh2
Qc5 32. Qd7 Qd5 33. Qa7 Qxb3 34. Qxa6 e5 35. a5 bxa5 36. Qxa5 Kg6 37. g4 Qe3
38. Qa4 Qf4+ 39. Qxf4 exf4 40. Kg1 f5 41. gxf5+ Kxf5 42. Kf2 g5 43. Kf3 h5 44.
g4+ hxg4+ 45. hxg4+ Ke5 46. Ke2 Ke4 47. Kf2 f3 48. Kf1 Kf4 49. Kf2 Kxg4 50. Kf1
Kg3 51. Kg1 f2+ 52. Kf1 {[%clk 01:00:09]} g4 0-1

[Event "DEM U10 2021"]
[Site "Willingen GER"]
[Date "2021.08.24"]
[Round "4"]
[White "Senel, Serdar"]
[Black "Fettig, Michel"]
[Result "1-0"]
[Termination "normal"]
[Board "20"]
[WhiteElo "1179"]
[BlackElo "1297"]
[WhiteClock "00:49:07"]
[BlackClock "00:39:25"]
[PlyCount "77"]
[WhiteFideId "34608796"]
[BlackFideId "34608982"]
[EventCountry "GER"]
[EventRounds "11"]
[EventType "swiss"]
[EventDate "2021.08.22"]

1. e4 {[%clk 01:15:53]} {[%emt 00:00:06]} e6 {[%clk 01:15:48]} {[%emt
00:00:13]} 2. Nc3 {[%clk 01:15:53]} {[%emt 00:00:29]} d5 {[%clk 01:16:04]}
{[%emt 00:00:15]} 3. exd5 {[%clk 01:16:08]} {[%emt 00:00:14]} exd5 {[%clk
01:16:21]} {[%emt 00:00:15]} 4. d4 {[%clk 01:16:21]} {[%emt 00:00:15]} Nf6
{[%clk 01:16:26]} {[%emt 00:00:26]} 5. Nf3 {[%clk 01:16:28]} {[%emt 00:00:22]}
Nc6 {[%clk 01:16:35]} {[%emt 00:00:22]} 6. Bb5 {[%clk 01:16:29]} {[%emt
00:00:28]} Bd7 {[%clk 01:16:49]} {[%emt 00:00:17]} 7. Bg5 {[%clk 01:16:02]}
{[%emt 00:00:54]} Be7 {[%clk 01:16:36]} {[%emt 00:00:46]} 8. Qe2 {[%clk
01:16:03]} {[%emt 00:00:27]} O-O {[%clk 01:16:42]} {[%emt 00:00:25]} 9. O-O
{[%clk 01:15:33]} {[%emt 00:01:00]} Bg4 {[%clk 01:16:45]} {[%emt 00:00:28]} 10.
h3 {[%clk 01:15:03]} {[%emt 00:01:00]} Nxd4 {[%clk 01:16:43]} {[%emt 00:00:31]}
11. Qd3 {[%clk 01:14:03]} {[%emt 00:01:29]} Nxf3+ {[%clk 01:16:08]} {[%emt
00:01:07]} 12. gxf3 {[%emt 00:01:57]} Bxh3 {[%clk 01:15:25]} {[%emt 00:00:39]}
13. Rfe1 {[%clk 01:13:01]} {[%emt 00:00:36]} c6 {[%clk 01:14:57]} {[%emt
00:01:00]} 14. Ba4 {[%emt 00:01:44]} h6 {[%clk 01:13:48]} {[%emt 00:01:30]} 15.
Bh4 {[%clk 01:11:44]} {[%emt 00:00:42]} Re8 {[%clk 01:11:27]} {[%emt 00:02:49]}
16. f4 {[%clk 01:10:05]} {[%emt 00:02:12]} Bg4 {[%clk 01:06:47]} {[%emt
00:05:09]} 17. Qg3 {[%clk 01:09:39]} {[%emt 00:00:56]} Bf5 {[%clk 01:06:14]}
{[%emt 00:01:05]} 18. Re5 {[%clk 01:08:13]} {[%emt 00:01:54]} Bg6 {[%clk
01:04:22]} {[%emt 00:02:18]} 19. Rae1 {[%clk 01:08:14]} {[%emt 00:00:32]} Qd7
{[%clk 01:03:05]} {[%emt 00:01:46]} 20. Qe3 {[%clk 01:02:25]} {[%emt 00:07:59]}
Kf8 {[%clk 00:59:41]} {[%emt 00:03:50]} 21. Bb3 {[%clk 01:01:47]} {[%emt
00:01:12]} Qd6 {[%clk 00:56:21]} {[%emt 00:03:50]} 22. Qg3 {[%clk 00:59:38]}
{[%emt 00:02:38]} Rad8 {[%clk 00:51:01]} {[%emt 00:05:50]} 23. Kh2 {[%clk
00:58:36]} {[%emt 00:01:31]} Rd7 {[%clk 00:48:05]} {[%emt 00:03:27]} 24. Rg1
{[%clk 00:58:15]} {[%emt 00:00:49]} Nh5 {[%clk 00:47:22]} {[%emt 00:01:16]} 25.
Rxh5 {[%clk 00:57:21]} {[%emt 00:01:22]} Bxh4 {[%clk 00:46:24]} {[%emt
00:01:29]} 26. Rxh4 {[%clk 00:55:48]} {[%emt 00:00:35]} d4 {[%clk 00:44:06]}
{[%emt 00:04:16]} 27. Nd1 {[%clk 00:53:59]} {[%emt 00:02:15]} Rde7 {[%clk
00:42:15]} {[%emt 00:02:25]} 28. Rg4 {[%clk 00:51:30]} {[%emt 00:02:57]} Qf6
{[%clk 00:39:39]} {[%emt 00:03:08]} 29. Bxf7 {[%emt 00:02:16]} Kxf7 {[%emt
00:01:15]} 30. Rxg6 {[%clk 00:47:56]} {[%emt 00:00:33]} Qf5 {[%clk 00:38:49]}
{[%emt 00:01:21]} 31. Rxg7+ {[%clk 00:47:54]} {[%emt 00:00:31]} Ke6 {[%clk
00:38:23]} {[%emt 00:00:57]} 32. Re1+ {[%clk 00:47:36]} {[%emt 00:00:48]} Kd7
{[%clk 00:38:24]} {[%emt 00:00:29]} 33. Rexe7+ {[%clk 00:47:28]} {[%emt
00:00:38]} Rxe7 {[%clk 00:38:39]} {[%emt 00:00:16]} 34. Rxe7+ {[%clk 00:47:48]}
{[%emt 00:00:08]} Kxe7 {[%clk 00:38:59]} {[%emt 00:00:12]} 35. Qg7+ {[%clk
00:48:09]} {[%emt 00:00:09]} Kd8 {[%clk 00:38:30]} {[%emt 00:00:59]} 36. Qxd4+
{[%clk 00:48:13]} {[%emt 00:00:23]} Kc7 {[%clk 00:38:33]} {[%emt 00:00:30]} 37.
Qe5+ {[%clk 00:48:33]} {[%emt 00:00:09]} Qxe5 {[%clk 00:38:57]} {[%emt
00:00:06]} 38. fxe5 {[%clk 00:48:51]} {[%emt 00:00:11]} Kd7 {[%clk 00:39:25]}
{[%emt 00:00:02]} 39. f4 {[%clk 00:49:07]} {[%emt 00:00:14]} 1-0